000 00992nam a2200277 i 4500
001 000016892
003 DO-SdBNP
005 20250116073944.0
007 ta
008 100312s1996 dr a 001 0 spa d
040 _aDO-SdBNP
_bspa
_cBNPHU
_erda
049 _aBNPD
082 4 _bN964p
_222
110 1 _aRepública Dominicana.
_bSecretaría de Estado de Educación, Bellas Artes y Cultos
_923965
245 1 0 _aNueva fase de la transformación curricular :
_bhacia la culminación del curriculum /
_cpresentación, Melba Báez de Erazo.
264 _aSanto Domingo :
_bPlan decenal de educación,
_c1996.
300 _axix, 56, [102] páginas ;
_c27 cm.
336 _2rdacontent
_atexto
_btxt
337 _2rdamedia
_asin mediación
_bn
338 _2rdacarrier
_avolumen
_bnc
490 1 _aFortalecimiento institucional
500 _aDocumento técnico, guía general
590 _aInventariado, 2024/BT
700 1 _aBáez de Erazo, Melba,
_937061
_epresentación
942 _2ddc
_cLBS1
999 _c16424
_d16424